| 000 | 01218cam a2200313 i 4500 | ||
|---|---|---|---|
| 003 | SA-RiAUC | ||
| 005 | 20241231140208.0 | ||
| 008 | 241228s1998 su g 00000 ara c | ||
| 020 | _a9960758125 | ||
| 024 | 0 | _a33000000008608 | |
| 040 |
_aSA-RiAUC _bara _cSA-RiAUC _erda |
||
| 043 | _aar----- | ||
| 082 | 0 | 4 |
_a686.20953 _qSA-RiAUC |
| 090 |
_a686.20953 _bس ا ع |
||
| 100 | 1 |
_aساعاتي، يحيى محمود جنيد، _d1366 هجري- _eمؤلف. |
|
| 245 | 1 | 2 |
_aالطباعة في شبه الجزيرة العربية في القرن التاسع عشر ميلادي (1297-1317هـ) / _cيحيى محمود بن جنيد. |
| 250 | _aالطبعة الأولى. | ||
| 264 | 1 |
_aالرياض : _bدار أجا، _c1998 |
|
| 300 |
_a167 صفحة ؛ _c24 سم |
||
| 336 |
_aنص _btxt _2rdacontent _3كتاب |
||
| 337 |
_aبدون وسيط _bn _2rdamedia |
||
| 338 |
_aمجلد _bnc _2rdacarrier |
||
| 650 | 7 |
_aالطباعة _xتاريخ _2aucsh |
|
| 650 | 7 |
_aالطباعة _zشبه الجزيرة العربية _xتاريخ _yقرن 19 _2aucsh |
|
| 650 | 7 |
_aالنشر _2aucsh |
|
| 650 | 7 |
_aصناعة وتجارة الكتب _2aucsh |
|
| 942 |
_2ddc _cBOOK _n0 |
||
| 949 |
_aSA-JeALM _d241228 _umohamedma123 _n1 |
||
| 999 |
_c4176 _d4176 |
||